000 00731nam a2200229 4500
003 OSt
005 20240726053644.0
006 a
008 240726b |||||||| |||| 00| 0 eng d
020 _a9788120340282
040 _aDWCL-Main lib.
_cOC
082 _aCirc. 624.17 G427p 2010
100 _aGhosh, Karuna May
245 _aPractical design of reinforced concrete structures /
260 _aNew Delhi :
_bPHI Learning Private Limited,
_cc2010.
300 _axiv,
_b261 p. : ill. ;
_c24 cm.
504 _aIncludes bibliographical references & index.
650 _a1. Structural engineering.
650 _a2. Structural analysis (engineering).
650 _a3. Reinforced concrete.
942 _2ddc
_n0
_cBK-CIRC
_kCirc.
999 _c2801
_d2801